Państwa położone najbliżej Korei Południowej - Statystyki

Ogólne statystyki
  • Ten quiz został rozwiązany 20 razy
  • Średni wynik to 17 z 21
Statystyki odpowiedzi
Odległość (km) Państwo % Poprawnych
263 Chiny
92%
50 Japonia
92%
0 Korea Północna
92%
2603 Laos
92%
455 Rosja
92%
2766 Tajlandia
92%
2221 Wietnam
92%
3323 Bhutan
85%
1434 Filipiny
85%
2712 Indie
85%
3014 Malezja
85%
2615 Mjanma
85%
1040 Mongolia
85%
990 Tajwan
85%
2789 Kambodża
77%
3301 Bangladesz
69%
3334 Brunei
69%
3334 Indonezja
69%
3217 Kazachstan
62%
2879 Mikronezja
46%
2956 Palau
46%
Nie znaleziono quizów pasujących do podanych kryteriów
Rozkład punktacji
Procent ludzi z każdym wynikiem
Percentyl według liczby udzielonych odpowiedzi
Twoja historia wyników
Nie rozwiązałeś tego quizu